Economics of Indian Agriculture (Record no. 10562)

MARC details
000 -LEADER
fixed length control field 00369nam a2200133Ia 4500
008 - FIXED-LENGTH DATA ELEMENTS--GENERAL INFORMATION
fixed length control field 211109s9999||||xx |||||||||||||| ||und||
082 ## - DEWEY DECIMAL CLASSIFICATION NUMBER
Classification number 338.1054
Item number SAH-E
100 ## - MAIN ENTRY--PERSONAL NAME
Personal name Sahib, Rao
245 #0 - TITLE STATEMENT
Title Economics of Indian Agriculture
260 ## - PUBLICATION, DISTRIBUTION, ETC.
Name of publisher, distributor, etc. Rochouse & Sons Ltd
Place of publication, distribution, etc. Madras
Date of publication, distribution, etc. 1943
630 ## - SUBJECT ADDED ENTRY--UNIFORM TITLE
General subdivision General Stack
650 ## - SUBJECT ADDED ENTRY--TOPICAL TERM
Topical term or geographic name entry element Agriculture
942 ## - ADDED ENTRY ELEMENTS (KOHA)
Koha item type BOOK
650 ## - SUBJECT ADDED ENTRY--TOPICAL TERM
Form subdivision IndiaEconomy
General subdivision Economics
Holdings
Withdrawn status Lost status Damaged status Not for loan Home library Current library Date acquired Cost, normal purchase price Total Checkouts Full call number Barcode Shelving location Date last seen Price effective from Koha item type
        SB LIBRARY SB LIBRARY 09/11/2021 100.00   338.1054 SAH-E 00011113 GENERAL STACK 09/11/2021 09/11/2021 BOOK

Powered by Koha